Le surrealisme serbe et ses rapports avec le surrealisme francais
Αποθηκεύτηκε σε:
| Κύριος συγγραφέας: | |
|---|---|
| Μορφή: | Βιβλίο |
| Γλώσσα: | French |
| Δημοσίευση: |
Paris :
Societe les Belles Lettres,
1968
|
| Θέματα: | |
| Ετικέτες: |
Προσθήκη ετικέτας
Δεν υπάρχουν, Καταχωρήστε ετικέτα πρώτοι!
|
MARC
| LEADER | 00000nam a2200000 i 4500 | ||
|---|---|---|---|
| 001 | 1/83289 | ||
| 008 | 990528s1968 fre d | ||
| 035 | |l 10051311 | ||
| 040 | |a GR-MY-UA |b gre |e aacr | ||
| 041 | 0 | |a fre | |
| 082 | 0 | |a 709.04063 | |
| 100 | 1 | |a Kapitzic-Osmanagic, Hanifa. | |
| 245 | 1 | 3 | |a Le surrealisme serbe et ses rapports avec le surrealisme francais / |c Hanifa Kapidzic-Osmanagic |
| 260 | |a Paris : |b Societe les Belles Lettres, |c 1968 | ||
| 300 | |a 281 p. | ||
| 650 | 0 | 0 | |a Surrealism. |
| 650 | 0 | 0 | |a Surrealism |z France. |
| 650 | 0 | 0 | |a Surrealism |z Serbia. |
| 852 | |a INST |b RHODES |e 19990528 |h 709.04063 KAP |p 005400008362 |q 005400008362 |t BK |y 0 | ||
| 909 | |a Ρ |b 023357 |c 1992 | ||
| 922 | |a 4ΕΛΗ |b 199205 |c ΑΝΑΓΝΩΣΤΟΠΟΥΛΟΥ | ||